书目信息 |
| 题名: |
微机原理、汇编语言及接口技术
|
|
| 作者: | 姜荣 , 王芹 编著 | |
| 分册: | ||
| 出版信息: | 西安 西安交通大学出版社 2006.01 |
|
| 页数: | 299页 | |
| 开本: | 26cm | |
| 丛书名: | ||
| 单 册: | ||
| 中图分类: | TP36 | |
| 科图分类: | ||
| 主题词: | 汇编语言--hui bian yu yan--程序设计--高等教育--教材 , 微型计算机--wei xing ji suan ji--接口设备--高等教育--教材 , 微型计算机--wei xing ji suan ji--高等教育--教材 | |
| 电子资源: | ||
| ISBN: | 7-5605-2094-4 | |
| 000 | 01041nam0 2200265 450 | |
| 001 | 012006869178 | |
| 005 | 20061019090448.89 | |
| 010 | @a7-5605-2094-4@dCNY25.00 | |
| 100 | @a20061006d2006 km y0chiy0120 ea | |
| 101 | 0 | @achi |
| 102 | @aCN@b610000 | |
| 105 | @ay z 000yy | |
| 200 | 1 | @a微机原理、汇编语言及接口技术@Awei ji yuan li、hui bian yu yan ji jie kou ji shu@f姜荣, 王芹编著@Fjiang rong,wang qin bian zhu |
| 210 | @a西安@c西安交通大学出版社@d2006.01 | |
| 215 | @a299页@d26cm | |
| 300 | @a21世纪高职高专计算机系列教材 | |
| 330 | @a本书以Intel 8086微处理器和IBM PC系列机为主体,讲述了16位微型计算机的基本原理、汇编语言及接口技术,并简单介绍了32位、64位微机系统的相关技术。 | |
| 606 | 0 | @a汇编语言@Ahui bian yu yan@x程序设计@x高等教育@j教材 |
| 606 | 0 | @a微型计算机@Awei xing ji suan ji@x接口设备@x高等教育@j教材 |
| 606 | 0 | @a微型计算机@Awei xing ji suan ji@x高等教育@j教材 |
| 690 | @aTP36@v4 | |
| 701 | 0 | @a姜荣@Ajiang rong@4编著 |
| 701 | 0 | @a王芹@Awang qin@4编著 |
| 801 | 0 | @aCN@c20061019 |
| 905 | @apdsgxy@dTP36@eJ522 | |
| 微机原理、汇编语言及接口技术/姜荣, 王芹编著.-西安:西安交通大学出版社,2006.01 |
| 299页;26cm |
| 21世纪高职高专计算机系列教材 |
| ISBN 7-5605-2094-4:CNY25.00 |
| 本书以Intel 8086微处理器和IBM PC系列机为主体,讲述了16位微型计算机的基本原理、汇编语言及接口技术,并简单介绍了32位、64位微机系统的相关技术。 |
| ● |
| 相关链接 |
|
|
|
正题名:微机原理、汇编语言及接口技术
索取号:TP36/J522
 
预约/预借
| 序号 | 登录号 | 条形码 | 馆藏地/架位号 | 状态 | 备注 |
| 1 | 222929 | 202229294 | 自科库301/301自科库 85排2列2层/ [索取号:TP36/J522] | 在馆 | |
| 2 | 222930 | 202229301 | 自科库301/301自科库 91排2列5层/ [索取号:TP36/J522] | 在馆 | |
| 3 | 222931 | 202229310 | 自科库301/301自科库 91排2列5层/ [索取号:TP36/J522] | 在馆 |